000 00391nam a2200145Ia 4500
005 20240821152203.0
008 240821s9999||||xx |||||||||||||| ||und||
082 _a745.5 HAW
100 _aHawley, F.L.
245 0 _aIntrductory design for the woodwork class
260 _aLondon
_bJohn Murray
_c19 6
300 _a63p
650 _aARTS, CRAFTS, MUSIC, SPORTS AND RECREATIONS
942 _cBK
999 _c64589
_d64589